Trade, environment, and the millennium

Bibliographic Details
Other Authors: Chambers, W. Bradnee, Sampson, Gary P.
Format: Book
Published: Tokyo New York : United Nations University Press , c2002.
Edition:2nd ed.
Subjects:

MARC

LEADER 00000cam a2200000 7i4500
001 0000003287
005 20050819.0
020 0 0 |a 9280810642 (pbk.) 
090 0 0 |a 382.92   |b TRA 
245 1 0 |a Trade, environment, and the millennium   |c edited by Gary P. Sampson and W. Bradnee Chambers. 
250 0 0 |a 2nd ed. 
260 0 0 |a Tokyo   |a New York :   |b United Nations University Press ,   |c c2002. 
300 |a xi, 450 p. ;   |c 23 cm. 
505 0 0 |a Trade and environment : strengthening complementarities and reducing conflicts / Rubens Ricupero -- Trade and environment : how real is the debate? / Magda Shahin -- Breaking the deadlock : a positive agenda on trade, environment, and development / Veena Jha and René Vossenaar -- Environmental governance at the WTO : outreach to civil society / Daniel C. Esty -- The WTO dispute settlement system / William J. Davey -- Fishery subsidies and the WTO / David K. Schorr -- Improving the agreement on sanitary and phytosanitary standards / Steve Charnovitz -- Environmental labelling schemes revisited : WTO law and developing country implications / Arthur E. Appleton -- The agreement on technical barriers to trade, the committee on trade and environment, and eco-labelling / Doaa Abdel Motaal -- The precautionary principle / James Cameron -- Environmental treaties and trade : multilateral environmental agreements and the multilateral trading system / Duncan Brack. 
610 2 0 |a World Trade Organization. 
650 0 0 |a Commercial policy   |x Environmental aspects. 
650 0 0 |a Environmental policy   |x Economic aspects. 
650 0 0 |a International trade   |x Environmental aspects. 
700 1 1 |a Chambers, W. Bradnee. 
700 1 1 |a Sampson, Gary P. 
999 |a 0000006240   |b Monograph   |c Open Shelf   |e Default branch